01528 a2200265 4500003000500000005001700005010001600022020001500038040000900053082001700062100001800079245008600097260003700183300003600220490004400256505051600300650004500816650003400861650004300895700002700938810003900965856009601004856008801100856007401188Nust20221007164231.0 a 99047335 a0780353536 cNust00a658.0546,CHE1 aChen, Graham,10aIntegrated telecommunications management solutions /cGraham Chen, Qinzheng Kong. aNew York :bIEEE Press,cc 2000. axvii, 261 p. :bill. ;c26 cm.1 aIEEE Press series on network management a Challenge of Integrated Business Management Solutions. (Page-1), TMN Overview. (Page-9), OSI for TMN Network Management. (Page-27), Telco Business Process Reengineering. (Page-47), Migrating to Distributed Systems. (Page-63), Building CORBA-Based TMN Applications. (Page-87), Integration Requirements. (Page-109), Integration Approaches. (Page-121), Generic Object Model. (Page-147), Integrated Management Architecture. (Page-175), Building Integrated Management Solutions. (Page-205), Conclusions. (Page-239). 0aBusiness enterprisesxComputer networks. 0aTelecommunication Engineering 0aTelecommunication systemsxManagement.1 aKong, Qinzheng,d1957-2 aIEEE series on network management.423Contributor biographical informationuhttp://www.loc.gov/catdir/bios/wiley043/99047335.html423Publisher descriptionuhttp://www.loc.gov/catdir/description/wiley036/99047335.html423Table of Contentsuhttp://www.loc.gov/catdir/toc/onix07/99047335.html